000 00651nam a2200241Ia 4500
003 OSt
005 20220925203857.0
006 a|||||r|||| 00| 0
007 ta
008 220923b |||||||| |||| 00| 0 eng d
020 _a0135836174
037 _cGeneral Book
040 _aRTL
_cRTL
_beng
041 _2eng
_aeng
082 _aU11oaHZ, M3
100 _aWilliams W Randolph
_9267224
245 0 _aMine mapping and layout
260 _aEnglwood
_bCliffs Prentice Hall
_c1983
300 _axii, 416p.
_ccm.
650 _aGeography
942 _hU11oaHZ, M3
_cGB
_2CC
999 _c548000
_d548000